000 00686nam0a22002651 4500
001 RU\NLR\INFOCOMM15\ROSSICA\1000000429
005 20250613192651.0
035 _a(NLR Aleph) 009956922
090 _a9582993
_c9582993
100 _a20030409d1858 |||y0rusy50 ca
101 0 _ager
102 _aRU
105 _ay ||||000ay
200 1 _aEin Wort über die Familie Günzburg
_fBerlin, M.
210 _aSt.Petersburg
_d1858
215 _d
602 _aGünzburg, семья
_2PSBO
700 1 _aBerlin
_bM.
_4070
801 1 _aRU
_bInfoComm
_c20030409
801 0 _aRU
_bNLR
_gPSBO
852 _aNLR
_j13.9.3.575
942 _cBOOK
980 _aNB
980 _aRossica